000
00311nam a2200121Ia 4500
100
_a
Marchetti, Raffaele
245
0
_a
Conflict Society and Peace Building
264
_b
Routledge
_c
2011
300
_a
321
700
_a
Tocci, Nathalie
942
_c
IR
999
_c
120759
_d
120759